Report on a feasibility study for a resource sharing network among anglophone university libraries (except Nigeria) participating in AERC's collaborative MA programme in economics / (Record no. 9837)

MARC details
000 -LEADER
fixed length control field 00956nam a22002292 4500
001 - CONTROL NUMBER
control field 0000023486
005 - DATE AND TIME OF LATEST TRANSACTION
control field 20151217152242.0
008 - FIXED-LENGTH DATA ELEMENTS--GENERAL INFORMATION
fixed length control field 130124s xx 000 0 eng d
020 ## - INTERNATIONAL STANDARD BOOK NUMBER
International Standard Book Number 9966944052 :
040 ## - CATALOGING SOURCE
Original cataloging agency KABU
Transcribing agency KABU
100 1# - MAIN ENTRY--PERSONAL NAME
Personal name Boadi, Benzies Y.
-- 0000182901
245 10 - TITLE STATEMENT
Title Report on a feasibility study for a resource sharing network among anglophone university libraries (except Nigeria) participating in AERC's collaborative MA programme in economics /
Statement of responsibility, etc. by Benzies Y. Boadi.
250 ## - EDITION STATEMENT
Edition statement 1st ed.
260 ## - PUBLICATION, DISTRIBUTION, ETC. (IMPRINT)
Place of publication, distribution, etc. Nairobi :
Name of publisher, distributor, etc. African Economic Research Consortium,
Date of publication, distribution, etc. 1999.
300 ## - PHYSICAL DESCRIPTION
Extent 114 p.
650 #0 - SUBJECT ADDED ENTRY--TOPICAL TERM
Topical term or geographic name as entry element Economics libraries
General subdivision Planning
Geographic subdivision Africa, Sub-Saharan.
-- 0000182902
650 #0 - SUBJECT ADDED ENTRY--TOPICAL TERM
Topical term or geographic name as entry element Academic libraries
General subdivision Planning.
Geographic subdivision Africa, Sub-Saharan.
-- 0000182903
650 #0 - SUBJECT ADDED ENTRY--TOPICAL TERM
Topical term or geographic name as entry element Library cooperation.
General subdivision Planning.
Geographic subdivision Africa, Sub-Saharan.
-- 0000182904
852 1# - LOCATION
-- p200 KES
908 ## - PUT COMMAND PARAMETER (RLIN)
Put command parameter 130124
950 ## - LOCAL HOLDINGS (RLIN)
-- 1
Holdings
Withdrawn status Lost status Source of classification or shelving scheme Not for loan Home library Current library Date acquired Total Checkouts Full call number Barcode Date last seen Price effective from Koha item type
    Library of Congress Classification   Kabarak, Main Campus Kabarak, Main Campus 17/12/2015   Z675 .E25B63 1999 c. 1 014247 17/12/2015 17/12/2015 General Collection
Designed with assistance from East African Informatics Ltd